| 000 | 00646cab a2200241 4500 | ||
|---|---|---|---|
| 001 | ABS41883 | ||
| 008 | 090401t1989 xxu||||| |||| 00| 0 eng d | ||
| 035 | _a(Sirsi) u33244 | ||
| 041 | _aeng | ||
| 100 | _aWhite, J.R. | ||
| 245 | _aReal Estate in the 1990s | ||
| 260 | _c1989 | ||
| 350 | _a0 | ||
| 490 |
_aNational Real Estate Investor _v31(10) September 1989 94-14 |
||
| 520 | _aAn attempt to predict the USA property scene in the next decade. | ||
| 650 | _aPROPERTY-COMMERCIAL PROPERTY | ||
| 650 | _aECONOMY | ||
| 650 | _aFLORIDA | ||
| 650 | _aFORECAST | ||
| 690 | _aOVERSEAS-NORTH AMERICA | ||
| 942 | _n0 | ||
| 948 | _c04/03/1997 | ||
| 999 |
_c22220 _d22220 |
||